01149cas a2200313 a 450000100090000000300060000900500170001500800410003201000170007301600180009002200390010803500240014703700930017104000700026404200140033405000170034808200160036521000260038122200400040724500410044726000320048830000170052031000110053758800460054863000540059463000670064865500430071578000770075811455451GBCCL20241126110434.0950518c199u9999tnuar 0 a0eng c a 95648438 7 a0135855082Uk a1084-872Xl1084-872Xy0074-677021 a(OCoLC)ocm32498357  bAbingdon Press, The United Methodist Publishing House, P.O. Box 801, Nashville, TN 37202 aIFAbengcIFAdDLCdNSDdOCLCQdUKMGBdOCLCQdOCLCFdYDXCPdOCLCO apccansdp00aBV1560b.I6400a268.61bNEW0 aNew int. lesson annu. 4aThe new international lesson annual04aThe new international lesson annual. aNashville :bAbingdon Press av. ;c24 cm. aAnnual aDescription based on: Sept. 1995-Aug. 96.00aInternational Sunday school lessonsvPeriodicals.07aInternational Sunday school lessons.2fast0(OCoLC)fst01357555 7aPeriodicals.2fast0(OCoLC)fst0141164100tInternational lesson annualx0074-6770w(DLC) 55006961w(OCoLC)2369568